Análisis de la calidad de la enseñanza
Guardat en:
| Autors principals: | , , |
|---|---|
| Format: | Llibre |
| Idioma: | espanyol |
| Publicat: |
Madrid
Narcea
1984
|
| Col·lecció: | Educación Hoy
|
| Matèries: | |
| Etiquetes: |
Afegir etiqueta
Sense etiquetes, Sigues el primer a etiquetar aquest registre!
|
MARC
| LEADER | 00000nam a2200000 a 4500 | ||
|---|---|---|---|
| 001 | UCZ7991 | ||
| 003 | CL-VaPUC | ||
| 008 | 960112e19840000SP |||||||||||||||||spa|d | ||
| 082 | 0 | 4 | |a 370.71 |b GON |2 21 |
| 100 | |a Gonzalez Soto, Ángel Pío |e author |9 503587 | ||
| 700 | 0 | |a Fernández, José María |e author |9 353056 | |
| 700 | 0 | |a Barrado, Antonio |e author |9 353057 | |
| 245 | 1 | 0 | |a Análisis de la calidad de la enseñanza |
| 300 | |a 175 p | ||
| 942 | |c BK | ||
| 945 | |d 19960112 00:00:00 |a cmena | ||
| 260 | |a Madrid |b Narcea |c 1984 | ||
| 650 | 0 | |a Formación profesional de profesores |9 307493 | |
| 650 | 7 | |a DOCENCIA |2 CL-VaPUC |9 353058 | |
| 650 | 0 | |a Evaluación de la educación |9 237505 | |
| 650 | 0 | |a Planificación de la educación |9 307333 | |
| 583 | |a last modification |c 19960112 00:00:00 |k Rodrigo Vera | ||
| 490 | 0 | |a Educación Hoy | |
| 999 | |c 243961 |d 243959 | ||
| 952 | |0 0 |1 0 |4 0 |6 370_710000000000000_GON_1984 |7 0 |8 P |9 257849 |a BIBEDU |b BIBEDU |c BIBEDU_PB |d 2019-11-19 |i 1615149 |o 370.71 GON 1984 |p 1615149 |r 2024-01-25 |w 2019-11-19 |y BK |k EDU | ||
| 952 | |0 0 |1 0 |4 0 |6 370_710000000000000_GON_1984 |7 0 |8 P |9 257850 |a BIBEDU |b BIBEDU |c BIBEDU_PB |d 2019-11-19 |i 1615092 |o 370.71 GON 1984 |p 1615092 |r 2024-01-25 |w 2019-11-19 |y BK |k EDU | ||